Nghĩa vụ cấp dưỡng của cha mẹ đối với con theo luật hôn nhân và gia đình năm 2000 thực tiễn tại tỉnh Lâm Đồng /

保存先:
書誌詳細
第一著者: Trần Thị Lượt.
その他の著者: Phạm Thị Hồng Mỵ.
フォーマット: 論文
言語:Vietnamese
タグ: タグ追加
タグなし, このレコードへの初めてのタグを付けませんか!
Thư viện lưu trữ: Thư viện Trường Đại học Đà Lạt
LEADER 00873nam a2200241 4500
001 DLU120000697
005 ##20120726
040 # # |a DLU  |b vie 
041 # # |a vie 
044 # # |a vn 
100 # # |a Trần Thị Lượt. 
245 # # |a Nghĩa vụ cấp dưỡng của cha mẹ đối với con theo luật hôn nhân và gia đình năm 2000 thực tiễn tại tỉnh Lâm Đồng /  |c Trần Thị Lượt, Phạm Thị Hồng Mỵ. 
700 # # |a Phạm Thị Hồng Mỵ. 
773 # # |t Kỷ yếu hội nghị khoa học sinh viên năm 2011 Trường Đại học Đà Lạt  |g 2011, tr. 6-10 
920 # # |a Phòng Tạp chí -- Trung tâm Thông tin - Thư viện Trường Đại học Đà Lạt 
994 # # |a DLU 
900 # # |a True 
911 # # |a Phan Thị Mỹ Thảo 
925 # # |a G 
926 # # |a A 
927 # # |a BB 
980 # # |a Thư viện Trường Đại học Đà Lạt